=LDR 00000nam 2200000 4500 =247 ##$$a =856 ##$$a =700 #$$a =650 #$$a Peran KORPS BRIMOB =520 #$$a Proper merupakan sebuah terobosan pada POLDA NTT, sebagai perwujudan dalam permasalahan sosial dan peningkatan ekonomi masyarakat menjadi salah satu garda terdepan dalam mengatasi permasalahan di masyarakat. Pada proper ini, penyusunan fokus pada permasalahan masyarakat di bidang sosial dan ekonomi masyarakat NTT. Karena secara nasional wilayah NTT merupakan salah satu daerah yang dihadapkan pada kekeringan dan berdampak pada kekurangan sumber air. Kekeringan di NTT nampaknya juga berdampak pada tingkat perekonomian di wilayah tersebut secara yang sekaligus juga berdampak pada meningkatnya angka kemiskinan. =321 ##$$a =310 ##$$a =300 ##$$a 58 hlm. : $b ill. ; $c 30 cm $e =260 ##$$a Jakarta : $b Pusbangkom Pimnas dan Manajerial ASN. ; $c 2024 =001 $a INLIS000000000020857 =245 ##$$a Peran KORPS BRIMOB POLRI Dalam Membantu Pemerintah Mengatasi Perasalahan Sosial dan Perekonomian Masyarakat $b $c Ferry Raimond Ukoli =100 #$$a Ferry Raimond Ukoli =084 ##$$a R 0071 PKN I 2024 =082 ##$$a =035 ##$$a 0010-0426000014 =020 ##$$a =008 $a 260414################g##########0#ind## =005 $a 20260414145043